000 03152nam a2201273Mi 4500
003 PE-LiUPU
005 20250813185352.0
008 160125s2016 sp r 001 0 spa d
020 _a8491042393
020 _a9788491042396
035 _a(Sirsi) i9788491042396
040 _aESALI
_bspa
_cESALI
_dESPLC
_dESEHU
_dPE-LiUPU
_erda
080 _a159.953
080 _a159.953.5
080 _a37.025
080 1 _a37.015
082 0 0 _a370.152
_bP83
_223
100 1 _aPozo, Juan Ignacio,
_eautor.
245 1 0 _aAprender en tiempos revueltos :
_bla nueva ciencia del aprendizaje /
_cJuan Ignacio Pozo.
264 1 _aMadrid :
_bAlianza,
_c2016
300 _a319 páginas :
_bilustraciones ;
_c23 centímetros
336 _atext
_2rdacontent
337 _aunmediated
_2rdamedia
338 _avolume
_2rdacarrier
500 _aÍndice
504 _aBibliografía: páginas 313-316
504 _aÍndice : páginas 317-319.
505 _aLa paradoja del aprendizaje -- La ciencia del aprendizaje -- La práctica del aprendizaje.
526 _aP202
526 _aP201
526 _aP163
526 _aP162
526 _aP161
526 _aP160
526 _aP148
526 _aP147
526 _aP146
526 _aP145
526 _aP144
526 _aP143
526 _aP142
526 _aP141
526 _aP140
526 _aP139
526 _aP138
526 _aP137
526 _aP136
526 _aP135
526 _aP134
526 _aP133
526 _aP129
526 _aP128
526 _aP127
526 _aP120
526 _aP119
526 _aP118
526 _aP116
526 _aP115
526 _aP114
526 _aP110
526 _aP109
526 _aP108
526 _aP104
526 _aP103
526 _aP102
526 _aP99
526 _aP98
526 _aP97
526 _aP96
526 _aP95
526 _aP93
526 _aP90
526 _aP89
526 _aP88
526 _aP83
526 _aP82
526 _aP62
526 _aP59
526 _aP58
526 _aP57
526 _aP51
526 _aP49
526 _aP48
526 _aP47
526 _aP29
526 _aP24
526 _aP20
526 _aP19
526 _aP17
526 _aP15
526 _aP14
526 _aP12
526 _aP10
526 _aP09
526 _aP08
526 _aP07
526 _aP06
526 _aP05
526 _aP04
526 _aP01
541 _g001-003362;
650 1 7 _aEstrategias de aprendizaje.
_2embne
_91523
910 _aebj
_bebj
_cjck
_d20170529
942 _2ddc
_cBOOK
949 _a370.152 P83
_wDEWEY
_c1
_i75438
_lCATALOGING
_mBUL
_p43.58
_r0
_sY
_tBOOK
_u2017-05-29
_xEDUCACION
_PP20
_0COMPRA
_o.STAFF. Colección Ciencias Humanas y Educación
994 _aC0
_bPEPRU
596 _a1
999 _a370.152 P83
_wDEWEY
_c20518
_i75438
_f2021-11-8
_g4
_lCCODEBUL1
_mBUL
_p43.58
_r0
_sY
_tBOOK
_u2017-5-29
_xEDUCACION
_PP20
_0COMPRA
_o.STAFF. Colección Ciencias Humanas y Educación
_d20518
980 _81
_gALBERTO SANCHEZ Responsable de Automatización